|
|
|
|
| LEADER |
01734nam a2200469 a 4500 |
| 001 |
nkc20051631738 |
| 003 |
CZ PrNK |
| 005 |
20060116144538.0 |
| 007 |
ta |
| 008 |
051117s2005 xr af d f 000 0 cze |
| 015 |
|
|
|a cnb001631738
|
| 020 |
|
|
|a 80-85882-21-3
|q (brož.)
|
| 035 |
|
|
|a (OCoLC)85165032
|
| 040 |
|
|
|a BOA001
|b cze
|d ABA001
|d OLA001
|
| 072 |
|
7 |
|a 5
|x Přírodní vědy. Matematické vědy
|2 Konspekt
|9 6
|
| 072 |
|
7 |
|a 0/9-053.2
|x Literatura pro děti a mládež (naučná)
|2 Konspekt
|9 26
|
| 080 |
|
|
|a 53:001.891.5
|2 MRF
|
| 080 |
|
|
|a 54:001.891.5
|2 MRF
|
| 080 |
|
|
|a (0.062)
|2 MRF
|
| 080 |
|
|
|a (0.053.6)
|2 MRF
|
| 100 |
1 |
|
|a Píšala, Jan,
|d 1982-
|7 mzk2005312909
|4 aut
|
| 245 |
1 |
0 |
|a Dobrodružná věda /
|c Jan Píšala, Tomáš Tyc
|
| 250 |
|
|
|a 1. vyd.
|
| 260 |
|
|
|a Brno :
|b Hvězdárna a planetárium Mikuláše Koperníka,
|c 2005
|
| 300 |
|
|
|a 28 s., [12] s. barev. obr. příl. :
|b il. ;
|c 21 cm
|
| 500 |
|
|
|a Název z obálky
|
| 500 |
|
|
|a 1500 výt.
|
| 650 |
0 |
7 |
|a fyzikální pokusy
|7 ph153079
|2 czenas
|
| 650 |
0 |
7 |
|a chemické pokusy
|7 ph153078
|2 czenas
|
| 650 |
0 |
9 |
|a physical experiments
|2 eczenas
|
| 650 |
0 |
9 |
|a chemical experiments
|2 eczenas
|
| 655 |
|
7 |
|a populárně-naučné publikace
|7 fd131864
|2 czenas
|
| 655 |
|
7 |
|a publikace pro mládež
|7 fd133157
|2 czenas
|
| 655 |
|
9 |
|a popular works
|2 eczenas
|
| 655 |
|
9 |
|a juvenile literature
|2 eczenas
|
| 700 |
1 |
|
|a Tyc, Tomáš,
|d 1973-
|7 mzk2005312910
|4 aut
|
| 910 |
2 |
|
|a BOA001
|b 2-1160.611
|
| 990 |
|
|
|a BK
|
| 995 |
|
|
|a 01
|
| 991 |
|
|
|b 200512
|
| 996 |
6 |
|
|b 2610266159
|c 2-1160.611
|l MZK
|r Sklad / do 1 hodiny
|n 0
|p p.v.
|w 000799420
|u 000010
|a 1
|e BOA001
|j MZK50
|s P
|
| 996 |
7 |
|
|b 2610266160
|c 2-1160.611
|l MZK
|r Sklad / do 1 hodiny
|n 5
|p p.v.
|w 000799420
|u 000020
|a 1
|e BOA001
|j MZK50
|s A
|